Normal view
MARC view
- Sampei, Seiichi
Entry Personal Name
001 - CONTROL NUMBER
- control field: 78494
003 - CONTROL NUMBER IDENTIFIER
- control field: NUST
005 - DATE AND TIME OF LATEST TRANSACTION
- control field: 20210628210211.0
008 - FIXED-LENGTH DATA ELEMENTS
- fixed length control field: 210628|| aca||aabn | a|a d
040 ## - CATALOGING SOURCE
- Original cataloging agency: NUST
- Transcribing agency: NUST
100 ## - HEADING--PERSONAL NAME
- Personal name: Sampei, Seiichi
670 ## - SOURCE DATA FOUND
- Source citation: Work cat.: (NUST): Sampei, Seiichi, Applications of digital wireless technologies to global wireless communications, 1997
